Asia Map Quiz - "F" Cities - Statistics

General Stats
  • This quiz has been taken 67 times
  • The average score is 10 of 15
Answers on the Map
Answers color-coded by a green-red scale on the quiz's map according to % correct below.
 
Answer Stats
Answer % Correct
Fukuoka
84%
Fukushima
84%
Fuzhou
84%
Fevralsk
82%
Faisalabad
80%
Feicheng
80%
Fullujah
74%
Faridabad
72%
Fuji
72%
Faridganj
48%
Fujairah
48%
Fergana
44%
Fethiye
40%
Fuvahmulah
34%
Farah
32%
No matching quizzes found
Score Distribution
Percent of People with Each Score
Percentile by Number Answered
Your Score History
You have not taken this quiz